Geography containing TA-TZ - Statistics

General Stats
  • This quiz has been taken 7 times
  • The average score is 11 of 26
Answer Stats
Contains: Clue Answer % Correct
TY Pennsylvania town known for its Civil War battle (10) Gettysburg
100%
TA Nation which won its fourth World Cup in 2006 (5 letters) Italy
100%
TL North African mountains; also the name for a book of maps (5) Atlas
83%
TS Baton was passed to African nation who won the 4x400m gold medal (8) Botswana
83%
TH City in Nepal - if you type a cat, man, that should do (9) Kathmandu
83%
TT Canadian capital city that you oughta visit (6) Ottawa
83%
TM Island south of Sumatra, sighted and named on December 25th 1643 (15) Christmas Island
67%
TN Sicilian volcano (4) Etna
67%
TR City of Michigan where a chaotic riot takes place (7) Detroit
50%
TG Stuart and his loose woman visit city of Germany (9) Stuttgart
50%
TF Carefully choose what Ford is the best for driving through a gap (7) Watford
50%
TD The capital of the Swiss canton of Uri; meaning "old town", it is the setting for the legend of William Tell (7) Altdorf
33%
TI Moldovan city; also a type of Indian cuisine that some lab cooked up (5) Balti
33%
TU Vehicle that will be the end of you in a country of the Pacific (7) Vanuatu
33%
TX A Basque village hidden on doorstep of France (7) Atxondo
17%
TK You hack a tortuous route to a Russian okrug of the far east (8) Chukotka
17%
TB Part of Brooklyn where President George appears to have been run over by a steamroller (8) Flatbush
17%
TV Village near Arles whose name suggests an old fountain (11) Fontvieille
17%
TW Zambian city where there is a model-building set for us (5) Kitwe
17%
TP Terrible gang an undeveloped state of Palau is controlled by (8) Ngatpang
17%
TQ Short montage put together in the style of a Tajik village (9) Roshtqal'a
17%
TE Samoan town where show-off Steve plays the Congo-style guitar (7) Vaitele
17%
TZ Town in Luxembourg where a withering plant droops, it's said (5) Wiltz
17%
TJ Atoll of misery in the Marshall Islands (5) Wotje
17%
TC Town in Niger where a hound is found on an overdose, back to get you high (12) Dogondoutchi
0%
TO City in Mozambique where there is no air for malaria to spread (6) Matola
0%
No matching quizzes found
Score Distribution
Percent of People with Each Score
Percentile by Number Answered
Your Score History
You have not taken this quiz